<?xml version="1.0" encoding="UTF-8"?>
<record
    xmlns:xsi="http://www.w3.org/2001/XMLSchema-instance"
    xsi:schemaLocation="http://www.loc.gov/MARC21/slim http://www.loc.gov/standards/marcxml/schema/MARC21slim.xsd"
    xmlns="http://www.loc.gov/MARC21/slim">

  <leader>     nam a22        4500</leader>
  <datafield tag="999" ind1=" " ind2=" ">
    <subfield code="c">140527</subfield>
    <subfield code="d">140525</subfield>
  </datafield>
  <controlfield tag="005">20180907174314.0</controlfield>
  <controlfield tag="008">180504b        mx ||||| |||| 00| 0 spa d</controlfield>
  <datafield tag="020" ind1=" " ind2=" ">
    <subfield code="a">9682321646</subfield>
  </datafield>
  <datafield tag="050" ind1="0" ind2="4">
    <subfield code="a">F1219.1.S56</subfield>
    <subfield code="b">S28 1998</subfield>
  </datafield>
  <datafield tag="100" ind1="1" ind2=" ">
    <subfield code="a">Sauer, Carl Ortwin,</subfield>
    <subfield code="d">[1889-1975]</subfield>
  </datafield>
  <datafield tag="240" ind1="1" ind2="0">
    <subfield code="h">Aztatlan, prehistoric mexican frontier on the Pacific Coast.</subfield>
    <subfield code="l">Espa&#xF1;ol</subfield>
  </datafield>
  <datafield tag="245" ind1="1" ind2="0">
    <subfield code="a"> Aztatlan :</subfield>
    <subfield code="b">frontera prehispanica mesoamericana en la Costa del Pacifico</subfield>
    <subfield code="c">/ Carl Sahuer ; recopilaci&#xF3;n, tr. y pr&#xF3;logo Ignacio Guzm&#xE1;n Betancourt</subfield>
  </datafield>
  <datafield tag="246" ind1="0" ind2="3">
    <subfield code="a">La Distribuci&#xF3;n de las tribus y las lenguas abor&#xED;genes del noroeste de M&#xE9;xico</subfield>
  </datafield>
  <datafield tag="246" ind1="0" ind2="3">
    <subfield code="a">La Poblaci&#xF3;n aborigen del noroeste de M&#xE9;xico</subfield>
  </datafield>
  <datafield tag="246" ind1="0" ind2="3">
    <subfield code="a">La Ruta de cibola</subfield>
  </datafield>
  <datafield tag="250" ind1=" " ind2=" ">
    <subfield code="a">1a ed. </subfield>
  </datafield>
  <datafield tag="260" ind1=" " ind2=" ">
    <subfield code="a">M&#xE9;xico, D.F. : </subfield>
    <subfield code="b">Siglo XXI ; </subfield>
    <subfield code="c">1998. </subfield>
  </datafield>
  <datafield tag="490" ind1=" " ind2="0">
    <subfield code="a">Los Once R&#xED;os</subfield>
  </datafield>
  <datafield tag="500" ind1=" " ind2=" ">
    <subfield code="a">Traducci&#xF3;n de: Aztatlan, prehistoric mexican frontier on the Pacific Coast</subfield>
  </datafield>
  <datafield tag="651" ind1=" " ind2="7">
    <subfield code="2">LEMB</subfield>
    <subfield code="a">M&#xE9;xico</subfield>
    <subfield code="x">Antig&#xFC;edades</subfield>
  </datafield>
  <datafield tag="651" ind1=" " ind2="7">
    <subfield code="2">LEMB</subfield>
    <subfield code="a">Nayarit </subfield>
    <subfield code="x">Antig&#xFC;edades</subfield>
  </datafield>
  <datafield tag="651" ind1=" " ind2="7">
    <subfield code="2">LEMB</subfield>
    <subfield code="a">Sinaloa </subfield>
    <subfield code="x">Antig&#xFC;edades</subfield>
  </datafield>
  <datafield tag="700" ind1="1" ind2=" ">
    <subfield code="a">Guzm&#xE1;n Betancourt, Ignacio,</subfield>
    <subfield code="e">comp.</subfield>
  </datafield>
  <datafield tag="700" ind1="1" ind2=" ">
    <subfield code="a">Labastida, Jaime, </subfield>
    <subfield code="e">coord. </subfield>
  </datafield>
  <datafield tag="710" ind1="2" ind2=" ">
    <subfield code="a">Fundaci&#xF3;n Ignacio Borquez Zazueta</subfield>
  </datafield>
  <datafield tag="942" ind1=" " ind2=" ">
    <subfield code="2">lcc</subfield>
    <subfield code="c">LIB</subfield>
  </datafield>
  <datafield tag="952" ind1=" " ind2=" ">
    <subfield code="1">0</subfield>
    <subfield code="2">lcc</subfield>
    <subfield code="4">0</subfield>
    <subfield code="7">0</subfield>
    <subfield code="a">INV-033</subfield>
    <subfield code="b">INV-033</subfield>
    <subfield code="c">GENERAL</subfield>
    <subfield code="d">2018-05-04</subfield>
    <subfield code="f">1a ed.</subfield>
    <subfield code="i">H</subfield>
    <subfield code="k">CSA</subfield>
    <subfield code="o">F1219.1.S56 S28 1998</subfield>
    <subfield code="p">IIH000015914</subfield>
    <subfield code="r">2018-05-04 00:00:00</subfield>
    <subfield code="t">C:1</subfield>
    <subfield code="y">LIB</subfield>
    <subfield code="z">GENERAL </subfield>
  </datafield>
</record>
